La tentación de lo imposible: Victor Hugo y Los Miserables

Guardat en:
Dades bibliogràfiques
Autor principal: Vargas Llosa, Mario (Autor)
Format: Llibre
Idioma:espanyol
Publicat: Santiago Aguilar Chilena 2005
Edició:1a. ed
Matèries:
Etiquetes: Afegir etiqueta
Sense etiquetes, Sigues el primer a etiquetar aquest registre!

MARC

LEADER 00000nam a2200000 a 4500
001 UCJ0912
003 CL-VaPUC
008 060914e20050000CL |||||||||||||||||spa|d
020 |a 9562393674 
082 0 4 |a Pe864  |b VAR  |2 21 
100 0 |a Vargas Llosa, Mario  |e author  |9 318800 
245 1 3 |a La tentación de lo imposible: Victor Hugo y Los Miserables 
250 |a 1a. ed 
300 |a 223 p 
942 |c BK 
945 |d 20060914 00:00:00  |a cmena 
260 |a Santiago  |b Aguilar Chilena  |c 2005 
650 0 |a Ensayos peruanos   |9 319037 
650 0 |a Literatura peruana  |9 257452 
650 0 |a Crítica e interpretación literaria  |9 266284 
583 |a last modification  |c 20140409 03:37:52  |k Rodrigo Vera 
999 |c 317651  |d 317649 
952 |0 0  |1 0  |4 0  |6 PE_864_000000000000000_VAR_2005  |7 0  |8 A  |9 394277  |a BIBGIM  |b BIBGIM  |d 2019-11-22  |i 4276825  |o Pe864 VAR 2005  |p 4276825  |r 2025-01-15  |w 2019-11-22  |y BK  |k EST 
952 |0 0  |1 0  |4 0  |6 PE_864_000000000000000_VAR_2005  |7 0  |8 A  |9 394278  |a BIBGIM  |b BIBGIM  |d 2019-11-22  |i 4276833  |o Pe864 VAR 2005  |p 4276833  |r 2025-01-15  |w 2019-11-22  |y BK  |k EST